000 01253nam a22002777a 4500
005 20240530110346.0
008 141203s2003 ua fr 000 0 ara d
017 _a13478/2003
_bمصر . دار الكتب المصرية
020 _a9772272407
040 _aEG-CaGPL
041 0 _aara
082 0 4 _221
_a324.262
_bق/ع أ
100 0 _aعمرو هاشم ربيع
245 1 2 _aالاحزاب الصغيرة و النظام الحزبى فى مصر /
_cتحرير عمرو هاشم ربيع ؛ المشاركون احمد عبدالحفيظ ... [ واخ . ]
260 _aالقاهره :
_bمركز الدراسات السياسية والاستراتيجية ،
_c2003
300 _a274 ص ؛
_c24 سم
651 0 4 _aمصر
_xالاحزاب السياسية
651 0 4 _aمصر
_xالاحزاب السياسية الصغيرة
651 0 4 _aمصر
_xالاحزاب السياسية
_yقبل ثورة يوليو 1952
700 0 _aاحمد عبدالحفيظ
_eمؤلف مشارك
700 0 _aعاطف السعدوى
_eمؤلف مشارك
700 0 _aحسين عبدالرازق
_eمؤلف مشارك
700 0 _aرضا محمد هلال
_eمؤلف مشارك
942 _2ddc
_cBK
999 _c59971
_d59971